000
00454nam a22001457a 4500
020
_a
0072898380
082
_a
330
100
_a
William B. Walstad
245
_a
Study guide to accompany McConnel and Brue Microeconomics
250
_a
14th ed
260
_a
Boston
_b
McGraw-Hill
_c
1999
300
_a
335p
942
_c
BK
999
_c
346079
_d
346079